Zendaya Quiz - Statistics

General Stats
  • This quiz has been taken 105 times
  • The average score is 6 of 12
Answer Stats
Question Answer % Correct
Who is Zendaya dating? Tom Holland
92%
What Year was Zendaya born? 1996
83%
Who does Zendaya Play in the mcu? Mj (Michelle Jones)
78%
Does Zendaya have any siblings? Yes (shes the youngest)
74%
Who is Zendaya's stylist? Law Roach
45%
Where is Zendaya from? Oakland (california)
40%
What is Zendaya's mum called? Claire
36%
What is Zendaya's assistant called? Darnell
36%
What is Zendayas full name? Zendaya Maree Stoermer Coleman
32%
When is Zendayas Birthday? 1st September
27%
What is Zendaya currently filming? (August 2022) Dune: Part 2
15%
Who did Zendaya play in The Greatest Showman? Ann Wheeler
9%
No matching quizzes found
Score Distribution
Percent of People with Each Score
Percentile by Number Answered
Your Score History
You have not taken this quiz